Rap: 93 vs 94 (Épisode 2) - Statistiques

Statistiques générales
  • Ce quiz a été pris 38 fois
  • Le résultat moyen est 8 sur 10
Statistiques - réponses
Question Réponse % Correct
Kaaris 93
100%
Kalash Crimminel 93
100%
Sadek 93
88%
Kery James 94
84%
Gambi 94
84%
Dadju 93
78%
Fresh la Douille 94
75%
Oboy 94
75%
Rim'K 94
72%
Rsko 94
59%
Aucun quiz correspondant
Distribution des résultats
% des personnes avec chaque résultat
Percentile par nombre de réponses
Votre historique - résultats
Vous n’avez pas pris ce quiz